000 00877cam a22003018a 4500
001 3021
003 BD-DhBUF
005 20260301121757.0
008 981005s1999 cau 000 0 eng
015 _aGB98-V8476
016 7 _a078794369x
_2Uk
020 _a078794369X :
_c£14.49
035 _a(Uk)gb 980V8476
035 _a0060-54060
035 _a85967
035 _a(StEdNL)2920514-nlsdb-Voyager
040 _aBDS
_cBDS
_dUk
082 0 4 _a658.3145
_221
100 1 _aGiovagnoli, Melissa.
_94359
245 1 0 _aAngels in the workplace :
_bstories and inspirations for creating a new world of work /
_cMelissa Giovagnoli.
260 _aSan Francisco, Calif. :
_bJossey-Bass,
_c1999.
263 _a9812
300 _a224 p. :
_c21 cm. ;
650 0 _aInterpersonal relations.
_2Psychology
_9600
650 0 _2Angels
650 0 _aWork environment.
942 _2ddc
_cBK
999 _c3021
_d3021